00449nam a22001577a 450000500170000001000150001702000260003203500130005803700130007108200060008410000190009024500450010926000400015427000700019430000270026420150417120912.0 aENG-112341 a9789382536826c190.00 aEN-95873 bDBAD/PUB aN aSingh, Rashmi  aShameless betrayals / cby Rashmi Singh  aNew Delhi bLiFi Publicationsc2015 a211, 2nd Floor, Gagandeep, 12 Rajendra Place bNew Delhi e110008 aviii, 198p.c22cm(pbk)